| 000 | 00712cam a22002291 4500 | ||
|---|---|---|---|
| 001 | ca 34000038 | ||
| 003 | DLC | ||
| 005 | 20260227111130.0 | ||
| 008 | 890717s1934 mau 000 0 eng | ||
| 010 | _aca 34000038 | ||
| 035 | _a(OCoLC)20018850 | ||
| 040 |
_aDLC _cRPB _dRPB _dDLC |
||
| 042 | _apremarc | ||
| 050 | 0 | 0 |
_aPS3541.L38 _bI8 1934 |
| 082 | _a812.5 | ||
| 100 | 1 |
_aUllman, James Ramsey, _d1907-1971. |
|
| 245 | 1 | 0 |
_aIs nothing sacred? _bA "success story" in three acts, _cby James R. Ullman and Arnold L. Scheuer, Jr. |
| 260 |
_aBoston, _bWalter H. Baker Company _c[c1934] |
||
| 300 |
_a117 p. _c19 cm. |
||
| 490 | 0 | _aBakers̕ professional plays | |
| 700 | 1 |
_aScheuer, Arnold L., _cJr., _ejoint author. |
|
| 999 |
_c17192 _d17192 |
||